[Event "Loire-ch op"]
[Site "Loire"]
[Date "2004.01.10"]
[Round "2"]
[White "Gidrol, Celine"]
[Black "Pareux, Marc"]
[Result "0-1"]
[WhiteElo "1009"]
[BlackElo "1540"]
[PlyCount "32"]
[EventDate "2004.01.10"]
[EventType "swiss"]
[EventRounds "9"]
[EventCountry "FRA"]
[SourceTitle "EXT 2008"]
[Source "ChessBase"]
[SourceDate "2007.11.25"]
[SourceVersion "1"]
[SourceVersionDate "2007.11.25"]
[SourceQuality "1"]

1. e3 g6 2. d3 Bg7 3. e4 c6 4. Bf4 Bxb2 5. Nc3 Bxc3+ 6. Ke2 Bg7 7. Qb1 d5 8. Ke1 dxe4 9. dxe4 Nd7 10. Bc4 Ne5 11. Bxe5 Qa5+ 12. Bc3 Qxc3+ 13. Kf1 Qxc4+ 14. Ke1 Qxe4+ 15. Kd2 Bf5 16. c3 Rd8+ 0-1